000 00519nam a2200181Ia 4500
005 20250508162635.0
008 008 250505s9999 xx 000 0 eng d
037 _aReference
040 _aFEDL
_beng
_cFEDL
041 _aeng
_2eng
084 _a330.7, PSA
_qFEDL
100 _aPsacharopoulos George Ed.
_9139830
245 0 _aEconomic of education: Research and studies
260 _aOxford, UK
_bPergamon Press
_c1987
300 _axvi,482p
942 _cREF
_h330.7, PSA
999 _c1377786
_d1377786